01441 2200289 4500001002100000005001500021035002000036007000300056008004100059020002200100082001000122084001900132100001800151245015300169250003500322300003800357650002200395700003100417700003300448700003300481520049300514264005401007336002101061337003001082338002301112990001601135INLIS00000000116518120241205082927 a0010-1224000061ta241205 g 0 ind  a978-623-359-222-2 a628.4 aSR 628.4 ARI w0 aArief Budiman1 aWaste to energy :bteknologi pengolahan sampah menjadi energi /cArief Budiman, Nugroho Dewayanto, Wusana Agung Wibowo; penyunting, Ratna Mariastuti aCetakan pertama, Februari 2024 a238 halaman :bilustrasi ;c23 cm 4aSampah, Teknologi0 aNugroho Dewayantoepenulis0 aWusana Agung Wibowoepenulis0 aRatna Mariastutiepenyunting aBuku ini membahas mengenai alternatif cara untuk mengonversi sampah menjadi produk-produk energi dengan berbagai proses. Proses-proses ini meliputi digestasi anaerobik untuk menghasilkan biogas. Biogas umumnya dimanfaatkan sebagai pembangkit listrik skala rumah tangga. Proses insinerasi hingga saat ini merupakan proses yang paling umum digunakan dalam pengolahan sampah. Namun. proses ini masih menimbulkan permasalahan utama berupa emisi gas buang dengan kuantitas besar dan berbahaya. aYogyakarta :bGadjah Mada University Press,c2024 2rdacontentateks 2rdamediaatanpa perantara 2rdacarrieravolume a55366.68186